[Event "AUT Bundesliga Women 2020-21"]
[Site "Graz"]
[Date "2021.01.24"]
[Round "3.7"]
[White "Goeschl, Ortrun"]
[Black "Tarmastin, Laura"]
[Result "1/2-1/2"]
[WhiteElo "1966"]
[BlackElo "1903"]
[Annotator "TA"]
[PlyCount "120"]
[EventDate "2021.01.17"]
[EventType "team-tourn"]
[EventCountry "AUT"]
[SourceTitle "playchess.com"]
[Source "ChessBase"]
[SourceQuality "1"]

{[%evp 9,120,-74,-50,-59,-43,-70,-65,-72,-66,-114,-67,-98,-80,-124,-138,-135,-56,-61,-62,-71,-71,-75,-71,-74,-71,-107,-77,-110,-42,-129,-104,-108,-106,-109,-99,-137,-91,-252,-215,-716,-492,-701,-465,-437,-339,-375,-258,-304,-303,-313,-274,-755,-470,-1003,-896,-829,-306,-283,-241,-243,-245,-235,-200,-191,-151,-151,-183,-174,-128,-183,-187,-175,-178,-270,-248,-227,-135,-108,-92,-104,-112,-201,-94,-191,-159,-237,-237,-242,-8,-8,-8,-8,-8,-152,-153,-405,-413,-344,-62,-70,-8,-8,-8,-63,-8,-8,-8,-8,-8,-8,-8,-8,0]} 1. Nc3 c5 2. g4 Nc6 3. Bg2 e6 4. h4 d5 {[#]} 5. e3 $146 ({Predecessor:} 5. d3 Be7 6. e4 d4 7. Nce2 Bxh4 8. Nf3 Be7 9. e5 Bf8 10. c3 dxc3 11. bxc3 {0-1 (33) Kiltti,J (2205)-Heikkila,A (2109) Tampere 2006}) 5... a6 6. b3 {A00: Irregular Openings.} Qc7 7. Bb2 Bd7 8. Nce2 {Black is slightly better.} O-O-O 9. a3 Nh6 10. g5 Nf5 11. Nf4 d4 12. Nd3 e5 (12... h6 $17 {aiming for ...hxg5.} 13. Nf3 Bd6) 13. e4 $15 {[#]} c4 $1 14. bxc4 Nd6 15. c5 Nc4 16. Bc1 h6 17. Nf3 Be7 (17... Bg4 {seems wilder.} 18. Bf1 hxg5 19. Rg1 Rxh4 20. Nb4 d3) 18. gxh6 Rxh6 (18... gxh6 $17 19. Rb1 Rdf8) 19. Ng5 (19. Nb4 $15 Qa5 20. Nd5) 19... Bxg5 20. hxg5 Rxh1+ 21. Bxh1 Rh8 22. Qf3 Qd8 23. Qg2 (23. Bg2 $17) 23... Rh5 24. f4 $2 (24. Qg1) 24... exf4 25. Nxf4 (25. Qg1 $142 Rh4 26. Nf2) 25... Rxg5 26. Qh2 Rxc5 27. Nd5 Ne7 28. Nb4 Ng6 29. Nd5 Nb6 30. c3 $2 (30. d3) 30... d3 31. Rb1 (31. Nxb6+ $142 Qxb6 32. Qg1) 31... Nxd5 $19 32. exd5 Rc4 $2 (32... a5 33. Qg3 Qe7+ 34. Kf1 Rc4) 33. Rb4 Rxb4 34. axb4 Qe7+ 35. Kf1 Qf6+ 36. Qf2 {intending Qxf6.} Qxf2+ 37. Kxf2 {[%mdl 4096] Endgame KBB-KBN} Ne5 38. Ke3 f6 39. Be4 (39. c4 $17) 39... Bb5 $1 40. Kd4 Kc7 41. d6+ (41. Bh7 $142) 41... Kxd6 42. Bxb7 Bc4 (42... g5 $19 43. Be4 Ke6 44. Bd5+ Kd7) 43. Ba3 $17 Kc7 44. Be4 Kd7 45. Bf5+ (45. Bd5 $17 Bxd5 46. Kxd5) 45... Kd8 (45... Kc6 $1 $19 {is more deadly.} 46. b5+ Kxb5) 46. Be4 (46. Bg6 $17 {was worth a try.}) 46... g5 $19 47. Bf5 (47. Ke3 $17 {is a better defense.}) 47... Bb5 $1 48. Be6 Ke7 $2 (48... g4 $1 $19 49. Ke3 Ke7) 49. Bd5 $11 {Threatens to win with c4.} Kd7 {...g4 is the strong threat.} 50. c4 Bc6 {Strongly threatening ...g4.} 51. Bb2 (51. Kc5 $1 $11 {was the only way to keep the balance.}) 51... g4 $17 {White must now prevent ...g3.} 52. Be4 $2 (52. b5 $17 axb5 53. cxb5 Bxb5 54. Ke3) 52... Bxe4 $19 53. Kxe4 {[#]} Nxc4 (53... g3 $1 $19 54. Bd4 Kc6) 54. Bxf6 $15 Nxd2+ ({Black should try} 54... Ke6 $15 55. Bc3 g3 56. Kxd3 {[#]} g2 $1) 55. Kxd3 $19 {KB-KN} Nf3 {Hoping for ...g3.} (55... Nb1 {with more complications.} 56. Ke4 g3 57. Ke3 Kc6 58. Be5 g2) 56. Ke3 (56. Ke4 $11) 56... Kd6 (56... Ke6 $15 57. Bb2 Kf5) 57. Ke4 {The position is equal.} Ke6 58. Bc3 Ng5+ 59. Kf4 {[%mdl 64] Double Attack} Nf7 60. Kxg4 Ne5+ {Weighted Error Value: White=0.60/Black=0.51} 1/2-1/2

[Event "AUT Bundesliga Women 2020-21"]
[Site "Graz"]
[Date "2021.01.24"]
[Round "3.8"]
[White "Krassnitzer, Maria"]
[Black "Tscharnuter, Alexandra"]
[Result "1/2-1/2"]
[WhiteElo "1659"]
[BlackElo "1775"]
[Annotator "NA RC"]
[PlyCount "103"]
[EventDate "2021.01.17"]
[EventType "team-tourn"]
[EventCountry "AUT"]
[SourceTitle "playchess.com"]
[Source "ChessBase"]
[SourceQuality "1"]
[TimeControl "40/5400+30:1800+30"]

1. d4 {[%emt 0:00:00]} Nf6 {[%emt 0:00:00]} 2. Nf3 {[%emt 0:00:14]} e6 {[%emt 0:00:29]} 3. c4 {[%emt 0:00:39]} b6 {[%emt 0:01:09]} 4. Nc3 {[%emt 0:00:55]} Bb4 {[%emt 0:00:33]} 5. a3 {[%emt 0:01:42]} Bxc3+ {[%emt 0:00:44]} 6. bxc3 {[%emt 0:00:05]} Bb7 {[%emt 0:03:10]} 7. Bg5 {[%emt 0:01:36]} h6 {[%emt 0:04:33]} 8. Bh4 {[%emt 0:01:07]} d6 {[%emt 0:01:12]} 9. e3 {[%emt 0:04:38]} Nbd7 {[%emt 0:01:06]} 10. Be2 {[%emt 0:01:51]} O-O {[%emt 0:03:25]} 11. O-O {[%emt 0:00:08]} Re8 {[%emt 0:04:21]} 12. Qc2 {[%emt 0:06:06]} e5 {[%emt 0:02:25]} 13. Nd2 {[%emt 0:00:56]} Qc8 {[%emt 0:25:32]} 14. a4 {[%emt 0:04:25]} a5 {[%emt 0:00:52]} 15. Rfe1 {[%emt 0:05:59]} Ba6 {[%emt 0:04:10]} 16. Bd3 {[%emt 0:19:16]} Qb7 {[%emt 0:06:45]} 17. Ne4 {[%emt 0:04:50]} Nxe4 {[%emt 0:02:10]} 18. Bxe4 {[%emt 0:00:06]} c6 {[%emt 0:00:18]} 19. d5 {[%emt 0:05:44]} Nc5 {[%emt 0:02:25]} 20. dxc6 {[%emt 0:01:17]} Qc7 {[%emt 0:00:43]} 21. Bd5 {[%emt 0:02:48]} Bc8 {[%emt 0:05:16]} 22. e4 {[%emt 0:02:10]} Be6 {[%emt 0:01:04]} 23. f3 {[%emt 0:02:16]} Kh8 {[%emt 0:01:54]} 24. Rab1 {[%emt 0:02:35]} Rab8 {[%emt 0:02:18]} 25. Bf2 {[%emt 0:02:33]} Rec8 {[%emt 0:03:51]} 26. Rb5 {[%emt 0:06:08]} Ra8 {[%emt 0:05:41]} 27. Reb1 {[%emt 0:01:27]} Rcb8 {[%emt 0:00:08]} 28. Bxc5 {[%emt 0:00:49]} bxc5 {[%emt 0:05:16]} 29. Rb7 {[%emt 0:02:24]} Rxb7 {[%emt 0:01:21]} 30. Rxb7 {[%emt 0:00:10]} Qc8 {[%emt 0:01:07]} 31. Qb3 {[%emt 0:00:54]} Kh7 {[%emt 0:01:27]} 32. Qb6 {[%emt 0:00:36]} Qe8 {[%emt 0:01:09]} 33. Qb5 {[%emt 0:01:33]} Qd8 {[%emt 0:01:03]} 34. c7 {[%emt 0:04:45]} Qg5 {[%emt 0:01:01]} 35. Qb2 {[%emt 0:06:18]} Rc8 {[%emt 0:02:01]} 36. Kf1 {[%emt 0:01:28]} Qe3 {[%emt 0:01:41]} 37. Qc2 {[%emt 0:02:37]} Qf4 {[%emt 0:01:31]} 38. h3 {[%emt 0:01:30]} Qg5 {[%emt 0:02:16]} 39. Qd3 {[%emt 0:02:49]} Qe7 {[%emt 0:00:46]} 40. Bxe6 {[%emt 0:00:00]} fxe6 {[%emt 0:00:00]} 41. Rb6 {[%emt 0:01:54]} Rxc7 {[%emt 0:07:39]} 42. Qxd6 {[%emt 0:01:37]} Qg5 {[%emt 0:01:38]} 43. Qd3 {[%emt 0:09:12]} Qe7 {[%emt 0:05:27]} 44. Rb5 {[%emt 0:04:47]} Rd7 {[%emt 0:04:34]} 45. Qe3 {[%emt 0:02:43]} Qd6 {[%emt 0:03:21]} 46. Rxc5 {[%emt 0:02:49]} Qd1+ {[%emt 0:01:30]} 47. Qe1 {[%emt 0:00:30]} Qxa4 {[%emt 0:00:37]} 48. Kf2 {[%emt 0:05:05]} Qc2+ {[%emt 0:01:47]} 49. Kg3 {[%emt 0:00:46]} Rd1 {[%emt 0:02:31]} 50. Qe3 {[%emt 0:01:01]} Rd3 {[%emt 0:00:56]} 51. Qe1 {[%emt 0:01:04]} Rd1 {[%emt 0:04:49]} 52. Qe3 {[%emt 0:00:27]} 1/2-1/2